| 000 | 00503cam a22002171 4500 | ||
|---|---|---|---|
| 001 | sa 68009518 | ||
| 003 | DLC | ||
| 005 | 20260227112543.0 | ||
| 008 | 890810s1968 ii 000 1 hino | ||
| 010 | _asa 68009518 | ||
| 035 | _a(OCoLC)20156259 | ||
| 040 |
_aDLC _cWaU _dDLC |
||
| 042 | _apremarc | ||
| 050 | 0 | 0 |
_aPK2098.P684 _bT3 |
| 100 | 1 |
_aPrakash, Satya., _d1922- |
|
| 245 | 1 | 0 | _aTapana ke bāda. |
| 260 | _c[1968] | ||
| 300 |
_a224 p. _c19 cm. |
||
| 500 | _aIn Hindi. | ||
| 500 | _aA novel. | ||
| 999 |
_c82955 _d82955 |
||